| 000 | 00641nam a2200205 4500 | ||
|---|---|---|---|
| 003 | OSt | ||
| 005 | 20180423103731.0 | ||
| 008 | 180423b xxu||||| |||| 00| 0 spa d | ||
| 020 | _a9789502021287 | ||
| 040 | _cBiblioteca Ernesto Sábato | ||
| 092 |
_aD345.4 _bT822 |
||
| 100 | _aTribiño, Carlos R. | ||
| 245 | _aLa corte suprema : competencias y via de acceso. Instancias originarias - recurso ordinario - recurso extraordinario federal - Queja - Otras atribuciones | ||
| 250 | _a1era.ed. | ||
| 260 |
_aBuenos Aires _bAbeledo Perrot _c2010 |
||
| 300 | _a636p | ||
| 650 | _aDERECHO PROCESAL | ||
| 650 | _a/BGG/ | ||
| 942 |
_2ddc _cBDGR |
||
| 999 |
_c32196 _d32196 |
||